| 000 | 00000nam##2200000za#4500 |
| 001 | 9.608282 |
| 003 | CaOODSP |
| 005 | 20210624213541 |
| 007 | cr ||||||||||| |
| 008 | 150406|2014||||xxc|||||o f|0| 0 fre|d |
| 020 | |a978-0-660-22186-1 |
| 040 | |aCaOODSP|bfre |
| 043 | |an-cn--- |
| 086 | 1 |aPS18-14/2014F-PDF |
| 110 | 1 |aCanada.|bSécurité publique Canada. |bCentre national de prévention du crime. |
| 245 | 10|aProgramme PréCrimAdo |h[ressource électronique] |
| 260 | |aOttawa - Ontario : |bSécurité publique Canada. |c2014. |
| 300 | |a6p. |
| 490 | 1 |aL’épreuve des faits. Sommaires d'évaluation |vSE-2014-39 |
| 590 | |a15-07|b2015-02-13 |
| 775 | 08|tPréCrimAdo Program |w(CaOODSP)9.581463 |
| 830 | #0|aL’épreuve des faits. Sommaires d'évaluation ;|vSE-2014-39|w(CaOODSP)9.502728 |
| 856 | 40|ahttp://publications.gc.ca|qPDF|s210 Ko|uhttps://publications.gc.ca/collections/collection_2015/sp-ps/PS18-14-2014-fra.pdf|ySE-2014-39 |